Flags with One Colour Changed #2 - Statistics

General Stats
  • This quiz has been taken 1,254 times
    1,227 since last reset
  • The average score is 13 of 16
Answer Stats
Answer % Correct
South Korea
98%
Israel
96%
Kenya
95%
Slovenia
94%
Norway
93%
Uganda
90%
Andorra
88%
Pakistan
82%
DR Congo
81%
Maldives
79%
Suriname
79%
Mauritania
77%
Grenada
74%
Tuvalu
71%
Solomon Islands
66%
Gambia
51%
No matching quizzes found
Score Distribution
Percent of People with Each Score
Percentile by Number Answered
Your Score History
You have not taken this quiz since the last reset